[Event "2nd Oscar Panno GM"]
[Site "Moron ARG"]
[Date "2013.05.21"]
[Round "8"]
[White "Barbosa,Ev"]
[Black "Real de Azua,E"]
[Result "0-1"]
[WhiteElo "2441"]
[BlackElo "2458"]

1.e4 e5 2.Nf3 Nc6 3.Bb5 a6 4.Ba4 Nf6 5.O-O Be7 6.Re1 b5 7.Bb3 d6 8.c3 O-O
9.h3 Nb8 10.d4 Nbd7 11.Nbd2 Bb7 12.Bc2 Re8 13.Nf1 Bf8 14.Ng3 g6 15.a4 c5
16.d5 c4 17.Bg5 h6 18.Be3 Nc5 19.Qd2 h5 20.Bg5 Be7 21.Ra3 Rb8 22.Rea1 Bc8
23.axb5 axb5 24.Ra7 Nfd7 25.Be3 Rb7 26.Ng5 Bf6 27.h4 Be7 28.Qe2 Nf6 29.Ra8 Qc7
30.Qf3 Bd8 31.Bd1 Rf8 32.Qe2 Ng4 33.Qd2 Nd3 34.Bxg4 Bxg4 35.Ne2 Nc5 36.f3 Bd7
37.Rd1 Be7 38.Rxf8+ Bxf8 39.Nc1 Ra7 40.Rf1 Be7 41.Qf2 Ra1 42.f4 f6 43.Bxc5 Qxc5
44.Qxc5 dxc5 45.fxe5 fxg5 46.e6 Bxe6 47.dxe6 Ra6 48.hxg5 Rxe6 49.Ne2 Bxg5
50.Nf4 Rxe4 51.Nxg6 Kg7 52.Nf8 Re2 53.Rf3 Be7 54.Kf1 Rxb2 55.Ne6+ Kg8 56.Nf4 b4
57.Nd5 Bd6 58.Nf6+ Kf7 59.Nxh5+ Ke6 60.Re3+ Kd5 61.Nf6+ Kc6 62.Re6 b3 63.Ne8 Rd2
64.Nxd6 Rxd6 65.Re1 Rd3 66.Rc1 Rxc3  0-1

[Event "Gligoric Cup 2013"]
[Site "Banja Koviljaca SRB"]
[Date "2013.05.22"]
[Round "3.6"]
[White "Vucinic,G"]
[Black "Stojanovic,Do"]
[Result "0-1"]
[WhiteElo "2240"]
[BlackElo "2337"]

1.e4 e5 2.Nf3 Nc6 3.Bb5 a6 4.Ba4 Nf6 5.O-O Be7 6.Re1 b5 7.Bb3 d6 8.c3 O-O
9.h3 Nb8 10.d4 Nbd7 11.Nbd2 Bb7 12.Bc2 Re8 13.Nf1 Bf8 14.d5 c6 15.dxc6 Bxc6
16.Bg5 h6 17.Bxf6 Nxf6 18.Ng3 g6 19.Qe2 Nd7 20.Red1 Qc7 21.Bb3 Nc5 22.Bd5 Bxd5
23.Rxd5 Qc6 24.Rdd1 Na4 25.Qd2 Rec8 26.Rac1 a5 27.Nh2 h5 28.h4 Kh7 29.Rc2 b4
30.c4 Nc5 31.Nf3 f6 32.Qe2 Ne6 33.Rd5 Nf4 34.Qd1 Nxd5 35.exd5 Qd7 36.Qd3 Kg7
37.Qe2 Be7 38.Ne4 Rab8 39.Rd2 Qg4 40.c5 f5 41.Nxd6 Bxd6 42.cxd6 e4 43.Rc2 Rxc2
44.Qxc2 exf3 45.Qc7+ Kh6 46.g3 Re8  0-1

[Event "22nd TCh-CRO Cup 2013"]
[Site "Bol na Bracu CRO"]
[Date "2013.05.24"]
[Round "4.32"]
[White "Krstic,U"]
[Black "Zaja,I"]
[Result "1/2-1/2"]
[WhiteElo "2492"]
[BlackElo "2479"]

1.e4 e5 2.Nf3 Nc6 3.Bb5 a6 4.Ba4 Nf6 5.O-O Be7 6.Re1 b5 7.Bb3 d6 8.c3 O-O
9.h3 Nb8 10.d4 Nbd7 11.Nbd2 Bb7 12.a4 c5 13.Bc2 Re8 14.Nf1 Bf8 15.Ng3 g6
16.axb5 axb5 17.Rxa8 Qxa8 18.d5  1/2-1/2

[Event "22nd TCh-CRO Cup 2013"]
[Site "Bol na Bracu CRO"]
[Date "2013.05.24"]
[Round "4.53"]
[White "Matanovic,Luka"]
[Black "Ivic,Mat"]
[Result "0-1"]
[WhiteElo "1989"]
[BlackElo "2278"]

1.e4 e5 2.Nf3 Nc6 3.Bb5 a6 4.Ba4 Nf6 5.O-O Be7 6.Re1 b5 7.Bb3 d6 8.c3 O-O
9.h3 Nb8 10.a4 Bb7 11.d3 Nbd7 12.Na3 Nc5 13.Bc2 Ne6 14.Bd2 c6 15.Qe2 Re8
16.Bb3 Nc5 17.Bc2 Bf8 18.b4 Ne6 19.Ng5 Nxg5 20.Bxg5 h6 21.Bh4 Be7 22.Bb3 Nh7
23.Bxe7 Qxe7 24.Nc2 Rad8 25.axb5 axb5 26.Ne3 Bc8 27.Ra5 Ng5 28.Rea1 Ne6 29.Ra7 Nf4
30.Qa2 Rd7 31.Nf5 Qf6 32.Nxd6 Rxa7 33.Qxa7 Rf8 34.Nxf7 Be6 35.Nxe5 Qxe5 36.Qe7 Rf6
37.Bxe6+ Qxe6 38.Ra8+ Kh7 39.Qd8 Qe5 40.Qg8+ Kg6 41.Ra7 Ne6 42.Re7 Qd6 43.Qe8+ Kh7
44.d4 Rg6 45.Qd7 Qxd7 46.Rxd7 Nf4 47.g3 Ne2+ 48.Kg2 Nxc3 49.e5 Nd5 50.Kf3 Nxb4
51.Ke4 Nd5 52.Kf5 b4 53.Rb7 h5 54.Rb8 c5 55.dxc5 Rc6 56.Rb5 Kh6 57.e6 Rxe6
58.Kxe6 Nc7+ 59.Ke5 Nxb5 60.Ke4 Kg5 61.Kd3 Na7 62.Kc4 Nc6 63.Kd5 b3 64.Kxc6 b2
65.Kd7 b1=Q 66.c6 Qd3+  0-1

[Event "6th Mayors Cup 2013"]
[Site "Mumbai IND"]
[Date "2013.06.03"]
[Round "8"]
[White "Narayanan,SL"]
[Black "Kunte,A"]
[Result "1/2-1/2"]
[WhiteElo "2396"]
[BlackElo "2507"]

1.e4 e5 2.Nf3 Nc6 3.Bb5 a6 4.Ba4 Nf6 5.O-O Be7 6.Re1 b5 7.Bb3 d6 8.c3 O-O
9.h3 Nb8 10.d3 Bb7 11.Nbd2 Nbd7 12.Nf1 Nc5 13.Bc2 Re8 14.Ng3 Bf8 15.b4 Ne6
16.a4 g6 17.Bb3 Bg7 18.Be3 h6 19.Qd2 Kh7 20.Ra3 Qe7 21.axb5 axb5 22.Rxa8 Rxa8
23.Qc2 Nf8 24.Qb2 Ne6 25.Ra1 Rxa1+ 26.Qxa1 Qe8 27.Qa2 Qd7 28.Ne2 Nd8 29.Qa7 Qc8
30.Qa2 Qd7 31.Qa5 Ng8 32.Qa2  1/2-1/2

[Event "17th Petr Izmailov"]
[Site "Tomsk RUS"]
[Date "2013.06.12"]
[Round "2.30"]
[White "Elsukov,V"]
[Black "Ainutdinova,Y"]
[Result "0-1"]
[WhiteElo "1797"]
[BlackElo "2066"]

1.e4 e5 2.Nf3 Nc6 3.Bb5 a6 4.Ba4 Nf6 5.O-O Be7 6.Re1 b5 7.Bb3 d6 8.c3 O-O
9.h3 Nb8 10.d4 Nbd7 11.Nbd2 Bb7 12.Bc2 Re8 13.Nf1 Bf8 14.Ng3 g6 15.d5 c6
16.dxc6 Bxc6 17.Be3 Qc7 18.Nh2 Qb7 19.f3 d5 20.Qd2 dxe4 21.fxe4 Nc5 22.Ng4 Nxg4
23.hxg4 Nxe4 24.Nxe4 Bxe4 25.Bb3 Rad8 26.Qf2 Bd5 27.Bg5 Rd7 28.Rad1 Bxb3
29.axb3 Qc8 30.Qh4 h6 31.Bf6 Bg7 32.g5 Bxf6 33.gxf6 h5 34.Ra1 Rd6 35.Re4 Qd8
36.Rf1 Rd1 37.Rxd1 Qxd1+ 38.Kh2 Qxb3 39.Qg5 Qe6 40.g4 hxg4 41.Rxg4 e4 42.Rf4 Qe5
43.Qg3 Re6 44.Rf2 Qxg3+ 45.Kxg3 e3 46.Re2 Rxf6 47.Rxe3 Re6 48.Rd3 Kg7 49.b3 g5
50.c4 bxc4 51.bxc4 Rc6 52.Rd5 f6 53.c5 a5 54.Kf3 a4 55.Ke4 a3 56.Rd7+ Kg6
57.Kd5 Ra6 58.c6 a2 59.c7 Ra8 60.Rd8 a1=Q  0-1

[Event "ch-FIN 2013"]
[Site "Mantta FIN"]
[Date "2013.06.13"]
[Round "4.1"]
[White "Hartikainen,M"]
[Black "Ahvenjarvi,Jani"]
[Result "1-0"]
[WhiteElo "2313"]
[BlackElo "2269"]

1.e4 e5 2.Nf3 Nc6 3.Bb5 a6 4.Ba4 Nf6 5.O-O Be7 6.Re1 b5 7.Bb3 d6 8.c3 O-O
9.h3 Nb8 10.d4 Nbd7 11.Nbd2 Bb7 12.Bc2 Re8 13.Nf1 Bf8 14.Ng3 g6 15.Nh2 c5
16.d5 Qc7 17.Bg5 h6 18.Be3 h5 19.Qd2 Bg7 20.Bh6 c4 21.Kh1 Nc5 22.Bxg7 Kxg7
23.Nf5+ gxf5 24.Qg5+ Kf8 25.Qxf6 fxe4 26.Bxe4 Nxe4 27.Rxe4 Bxd5 28.Rh4 Re6
29.Qf5 Rg6 30.f3 Ke7 31.Qxh5 Rag8 32.Rg4 Be6 33.Rxg6 Rxg6 34.Re1 Qc6 35.Nf1 Qd5
36.Qh4+ Kd7 37.Qf2 Qb7 38.Re4 Rh6 39.Qd2 Rh7 40.Rxe5 Bxh3 41.Rg5 Be6+ 42.Kg1 Qb6+
43.Ne3 Qd8 44.f4 Qf6 45.Qf2 Qh8 46.Qf3 f6 47.Qb7+ Kd8 48.Qb6+ Ke7 49.Rg3 Qc8
50.f5 Bf7 51.Rg4 d5 52.Rd4 Rh5 53.Rxd5 Bxd5 54.Nxd5+ Ke8 55.Qe3+  1-0

[Event "Alushta Summer-2013-3"]
[Site "Alushta UKR"]
[Date "2013.06.18"]
[Round "6"]
[White "Shtyrenkov,V"]
[Black "Kovalev,An"]
[Result "1/2-1/2"]
[WhiteElo "2329"]
[BlackElo "2473"]

1.e4 e5 2.Nf3 Nc6 3.Bb5 a6 4.Ba4 Nf6 5.O-O Be7 6.Re1 b5 7.Bb3 O-O 8.h3 d6
9.c3 Nb8 10.d4 Nbd7 11.Nbd2 Bb7 12.Bc2 Re8 13.Nf1 Bf8 14.Ng3 g6 15.a4 Nb6
16.a5 Nbd7 17.b4 c5 18.d5 Rc8 19.Be3  1/2-1/2

[Event "US Juniors 2013"]
[Site "Saint Louis USA"]
[Date "2013.06.18"]
[Round "5.2"]
[White "Sevian,Samuel"]
[Black "Naroditsky,D"]
[Result "1/2-1/2"]
[WhiteElo "2390"]
[BlackElo "2494"]

1.e4 e5 2.Nf3 Nc6 3.Bb5 a6 4.Ba4 Nf6 5.O-O b5 6.Bb3 Be7 7.Re1 d6 8.c3 O-O
9.h3 Nb8 10.d4 Nbd7 11.Nbd2 Bb7 12.Bc2 Re8 13.Nf1 Bf8 14.Ng3 g6 15.b3 Bg7
16.d5 Rc8 17.Be3 c6 18.c4 Nb6 19.dxc6 Bxc6 20.cxb5 axb5 21.Bxb6 Qxb6 22.Qxd6 Rcd8
23.Qa3 b4 24.Qb2 Nd7 25.Bd3 Nc5 26.Bc4 Nd3 27.Bxd3 Rxd3 28.Rad1 Rc3 29.Rc1 Rxc1
30.Rxc1 Bh6 31.Re1 Qc5 32.Nf1 Qc3  1/2-1/2

[Event "HSG Open A 2013"]
[Site "Hilversum NED"]
[Date "2013.06.22"]
[Round "2.3"]
[White "Guliyev,N"]
[Black "Kuznetsov,Mar"]
[Result "1-0"]
[WhiteElo "2561"]
[BlackElo "2223"]

1.e4 e5 2.Nf3 Nc6 3.Bb5 a6 4.Ba4 Nf6 5.O-O b5 6.Bb3 Be7 7.Re1 O-O 8.h3 d6
9.c3 Nb8 10.d4 Nbd7 11.Nbd2 Bb7 12.a4 c5 13.d5 c4 14.Bc2 Nc5 15.Nf1 Qc7 16.g4 Rfb8
17.Ng3 Bc8 18.g5 Ne8 19.Nf5 bxa4 20.Kh2 Bf8 21.Rg1 Nb3 22.Rxa4 Qd7 23.Rxc4 Nxc1
24.Qxc1 g6 25.Ba4 Rb5 26.Rxc8 Qxc8 27.Bxb5 axb5 28.Ne3 Ra4 29.Qc2 Ng7 30.b3 Ra7
31.Ne1 Ra1 32.Qb2 Qa8 33.Qe2 Nh5 34.Qxb5 Nf4 35.N3g2 Qa2 36.Nxf4 exf4 37.Kg2 Bg7
38.Nf3 Rxg1+ 39.Nxg1 Bxc3 40.Qb8+ Kg7 41.Qxd6  1-0

[Event "TCh-MNE Prem 2013"]
[Site "Cetinje MNE"]
[Date "2013.06.24"]
[Round "1.5"]
[White "Karisik,N"]
[Black "Lekic,Du"]
[Result "0-1"]
[WhiteElo "2086"]
[BlackElo "2430"]

1.e4 e5 2.Nf3 Nc6 3.Bb5 a6 4.Ba4 Nf6 5.O-O Be7 6.Re1 b5 7.Bb3 d6 8.c3 O-O
9.h3 Nb8 10.d4 Nbd7 11.Nbd2 Bb7 12.a4 h6 13.Bc2 Re8 14.Nf1 Bf8 15.Ng3 g6
16.d5 c6 17.axb5 axb5 18.Rxa8 Qxa8 19.dxc6 Bxc6 20.Nh2 h5 21.Bg5 d5 22.exd5 Bxd5
23.Nf3 b4 24.Ba4 Re6 25.c4 Bxf3 26.gxf3 Nc5 27.Bc2 b3 28.Bb1 Nfd7 29.Ne4 Qc8
30.Be3 Ra6 31.Bd3 Nxe4 32.Bxe4 Nf6 33.Qxb3 Nxe4 34.fxe4 Rc6 35.Rd1 Rxc4 36.Rd8 Rc1+
37.Bxc1 Qxd8 38.Kg2 Bc5 39.Be3 Bd4 40.Qd3 Qb6 41.Bxd4 exd4 42.b3 g5 43.Qd2 f6
44.Qd3 Kf7 45.Qf3 Ke7 46.Qd3 Kd6 47.Qf3 Kc5 48.Qd3 Qb4 49.Kf3 Qc3 50.Ke2 Kb4
51.Qd1 Ka3 52.Qb1 h4 53.Qd1 g4 54.hxg4 h3 55.Kf1 d3  0-1

[Event "Visma IMB 2013"]
[Site "Vaxjo SWE"]
[Date "2013.06.29"]
[Round "7.3"]
[White "Kenneskog,Theodor"]
[Black "Vijayalakshmi,S"]
[Result "1/2-1/2"]
[WhiteElo "2228"]
[BlackElo "2378"]

1.e4 e5 2.Nf3 Nc6 3.Bb5 a6 4.Ba4 Nf6 5.O-O Be7 6.Re1 b5 7.Bb3 d6 8.c3 O-O
9.h3 Nb8 10.d4 Nbd7 11.Nbd2 Bb7 12.Bc2 c5 13.Nf1 Re8 14.Ng3 Bf8 15.d5 g6
16.a4 c4 17.Bg5 h6 18.Be3 Nc5 19.Qd2 Kh7 20.Bxc5 dxc5 21.Nf1 Qd6 22.Ne3 Nd7
23.Qe2 Nb6 24.Reb1 Bc8 25.axb5 axb5 26.Rxa8 Nxa8 27.Ra1 Bd7 28.Ra7 Nb6 29.Qd1 Ra8
30.Qa1 Rxa7 31.Qxa7 f6 32.g4 Be7 33.Nd2 Bd8 34.Nb1 Qc7 35.Qxc7 Bxc7 36.Nd2 Nc8
37.Bd1 Kg7 38.h4 Nd6 39.h5 Bd8 40.hxg6 Kxg6 41.Kg2 Ba5 42.Be2 Kf7 43.Kg3 Kg6
44.Kh4 Kh7 45.Kg3 Bc7 46.Nf5 Nf7 47.Nf3 h5 48.Nd2 Ng5 49.Kh4 hxg4 50.Bxg4 Bd8
51.Kg3 Nf7 52.Bh5 Ng5 53.Bg4 Bc7 54.f3 Be8 55.Nf1 Kg8 56.N1e3 Kf8 57.d6 Bd8
58.Nd5 Nf7 59.Bh5 Nxd6 60.Nxd6 Bxh5 61.Nxb5 Kf7 62.Ne3 Ke6 63.Na3 Be7 64.Naxc4 Bf8
65.Nb6 Bg6 66.Nbd5 f5 67.exf5+ Bxf5 68.Nc7+ Kf6 69.Ncd5+ Kg5 70.Nxf5 Kxf5
71.Ne3+ Ke6 72.Kf2 Bh6 73.Ke2 Bf4 74.Kd3 Bh2 75.Ke4 Bf4 76.b3 Bg3 77.Kd3 Bf2
78.Ng4 Be1 79.Kc4 Kf5 80.Ne3+ Ke6 81.Nd1 Kd6 82.Kd3 Kd5 83.Ne3+ Kd6 84.Nc2 Bg3
85.Ke4 Ke6 86.Na3 Bh4 87.Nc4 Be1 88.Nxe5 Bxc3 89.f4 Kd6 90.Nc4+ Kc6 91.f5 Bg7
92.Ne5+ Kb5 93.Kd5 Bf6 94.Nd7 Be7 95.Ke6 Bh4 96.Kd6 c4 97.bxc4+ Kxc4 98.Ne5+ Kb5
99.Nf3 Bf6 100.Ke6 Bd8 101.Ne5 Bh4 102.f6  1/2-1/2

[Event "41st TCh-GRE"]
[Site "Rio (Achaia) GRE"]
[Date "2013.07.04"]
[Round "4.9"]
[White "Papadopoulos,Ar"]
[Black "Kadianis,Georgios"]
[Result "1-0"]
[WhiteElo "1927"]
[BlackElo "1691"]

1.e4 e5 2.Nf3 Nc6 3.Bb5 a6 4.Ba4 Nf6 5.O-O Be7 6.Re1 b5 7.Bb3 d6 8.c3 O-O
9.h3 Nb8 10.d4 Nbd7 11.Nbd2 Bb7 12.Bc2 Re8 13.Nf1 Bf8 14.Ng3 g6 15.Bg5 Bg7
16.Qd2 c6 17.Rad1 Qc7 18.dxe5 dxe5 19.Qd6 Qa5 20.a3 Bf8 21.Qd2 Rad8 22.Nh2 Bg7
23.Ng4 Nf8 24.Qc1 Rxd1 25.Nxf6+ Bxf6 26.Rxd1 Bg7 27.Qd2 Qc7 28.Bb3 Bc8 29.Qd6 Qb7
30.Be3 Be6 31.Bc2 Bf6 32.Bh6 Qb6 33.Be3 Qb7 34.Qd2 Rd8 35.Qc1 Rxd1+ 36.Qxd1 Qd7
37.Qf3 Bg7 38.Qe2 Bc4 39.Qe1 Bd3 40.Bb3 Ne6 41.Qd2 Nf8 42.f3 Bf6 43.Nh1 Bb1
44.Qe1 Bd3 45.Qd1 Bc4 46.Qxd7 Nxd7 47.Bxc4 bxc4 48.Ng3 Be7 49.Nf1 Nc5 50.Bxc5 Bxc5+
51.Kh1 f6 52.Nd2 Kf7 53.Nxc4 Ke6 54.g3 h5 55.Kg2 g5 56.Kf1 Ba7 57.Ke2 Bb8
58.Kd3 Bc7 59.Ne3 Bb6 60.Nf5 Kf7 61.Kc4 Ba7 62.Nd6+ Ke6 63.Nf5 Kf7 64.Kb4 Bb6
65.Nd6+ Ke6 66.Nc4 Bf2 67.g4 hxg4 68.hxg4 Kd7 69.Ka5 Kc7 70.Kxa6 Bg1 71.b4 Bf2
72.a4 Be1 73.b5 cxb5 74.axb5 Bxc3 75.b6+ Kb8 76.Na5 Bxa5 77.Kxa5 Kb7 78.Kb5 Kb8
79.Kc6 Kc8 80.Kd6  1-0

[Event "36th Barbera Open"]
[Site "Barbera del Valles ESP"]
[Date "2013.07.05"]
[Round "2.37"]
[White "Navarrete Espi,S"]
[Black "Yakushev,Vl"]
[Result "0-1"]
[WhiteElo "2214"]
[BlackElo "2111"]

1.e4 e5 2.Nf3 Nc6 3.Bb5 a6 4.Ba4 Nf6 5.O-O Be7 6.Re1 b5 7.Bb3 O-O 8.h3 d6
9.c3 Nb8 10.d4 Nbd7 11.Nbd2 c5 12.Nf1 c4 13.Bc2 Qc7 14.Ng3 Re8 15.Nf5 Bf8
16.N3h4 h6 17.Qf3 Kh7 18.g4 g6 19.g5 hxg5 20.Bxg5 Bg7 21.Nxg7 Kxg7 22.d5 Rh8
23.Kh2 Ng8 24.Qg3 Ndf6 25.Bd1 Nh5 26.Bxh5 Rxh5 27.Rg1 Qd7 28.Raf1 Rxg5 29.Nf5+ Rxf5
30.exf5 Qxf5 31.f4 e4 32.Rd1 Nf6 33.Qe3 Nxd5 34.Qd4+ Kh7 35.Rg4 Qh5 36.Qxd5 Bxg4
37.Qxf7+ Kh6 38.Rxd6 Qxh3+ 39.Kg1 Qg3+ 40.Kf1 Bf3  0-1

[Event "Pacific Southwest Op"]
[Site "Los Angeles USA"]
[Date "2013.07.05"]
[Round "2"]
[White "Duncan,Paul R"]
[Black "Brown,Michael William"]
[Result "0-1"]
[WhiteElo "1982"]
[BlackElo "2237"]

1.e4 e5 2.Nf3 Nc6 3.Bb5 a6 4.Ba4 Nf6 5.O-O Be7 6.Re1 b5 7.Bb3 d6 8.c3 O-O
9.h3 Nb8 10.d4 Nbd7 11.Nbd2 Bb7 12.Bc2 c5 13.Nf1 cxd4 14.cxd4 exd4 15.Nxd4 Re8
16.Nf5 Bf8 17.N1g3 Rc8 18.Bf4 Ne5 19.Rc1 h6 20.Bxe5 dxe5 21.Bb3 Rxc1 22.Qxc1 Qb6
23.Qd2 Rd8 24.Qc3 Qc5 25.Qxc5 Bxc5 26.Re2 Kf8 27.Kf1 a5 28.a3 a4 29.Bc2 Ba6
30.Ke1 b4 31.Rd2 Rxd2 32.Kxd2 bxa3 33.bxa3 Bxf2 34.Bxa4 g6  0-1

[Event "IsBank TCh-TUR 2013"]
[Site "Denizli TUR"]
[Date "2013.07.08"]
[Round "11.3"]
[White "Sebag,M"]
[Black "Khotenashvili,B"]
[Result "1-0"]
[WhiteElo "2527"]
[BlackElo "2531"]

1.e4 e5 2.Nf3 Nc6 3.Bb5 a6 4.Ba4 Nf6 5.O-O Be7 6.Re1 b5 7.Bb3 d6 8.c3 O-O
9.h3 Nb8 10.d4 Nbd7 11.Nbd2 Bb7 12.Bc2 Re8 13.Nf1 Bf8 14.Ng3 g6 15.Bg5 h6
16.Bd2 Rb8 17.a4 c5 18.d5 c4 19.b4 cxb3 20.Bxb3 Nc5 21.c4 Bc8 22.axb5 axb5
23.cxb5 Rxb5 24.Bc4 Rb8 25.Bf1 Bd7 26.Ba5 Qe7 27.Rb1 Ba4 28.Qe2 Rec8 29.Bb4 Nfd7
30.Ba3 h5 31.Qe3 h4 32.Ne2 Bc2 33.Rxb8 Rxb8 34.Nc3 Rb3 35.Bxc5 Nxc5 36.Qd2 Rxc3
37.Qxc3 Bxe4 38.Bc4 Bh6 39.Re2 Bf4 40.Nd2 Bf5 41.Nb3 Ne4 42.Qf3 Qb7 43.Rxe4 Bxe4
44.Qxe4 Qb4 45.Qc2 Kg7 46.Kf1 f5 47.Ke2 Kh7 48.Ba6 Qa4 49.Bc4 Qb4 50.Kf1 Qa3
51.Be2 Kh6 52.Bd1 Qa6+ 53.Qe2 Qa3 54.Qc4 Qb2 55.Qc2 Qa3 56.Qc8 Qb4 57.g3 Bxg3
58.fxg3 hxg3 59.Qh8+ Kg5 60.Qd8+ Kh6 61.Qh8+ Kg5 62.h4+ Kf4 63.Qh6+ Ke4 64.Qxg6 Qc3
65.Kg2 Qd3 66.Qh5 Kxd5 67.Bf3+ Ke6 68.Qe8+ Kf6 69.Qf8+ Ke6 70.Qg8+ Ke7 71.Qg7+ Kd8
72.Qf8+ Kd7 73.Qf7+ Kd8 74.Qd5 Qc2+ 75.Kxg3 Ke7 76.Nd2 Qc1 77.Kf2 e4 78.Bh5 Qh1
79.Qf7+ Kd8 80.Qf6+ Kc7 81.Nf1 d5 82.Qe7+ Kb6 83.Qd6+ Ka7 84.Qc7+ Ka8 85.Qa5+ Kb8
86.Qb4+ Kc7 87.Qe7+ Kb6 88.Be2 d4 89.Qd6+ Kb7 90.Qxd4 Qxh4+ 91.Kg2 Qg5+ 92.Kh1 Qh4+
93.Nh2 Qf4 94.Qd5+ Kc7 95.Qc5+ Kd8 96.Bb5 e3 97.Qd5+ Ke7 98.Nf3 Qh6+ 99.Kg2 Qg7+
100.Kf1 Qa1+ 101.Ke2 f4 102.Qc5+ Kf7 103.Ne5+  1-0

[Event "3rd SPAChess Open"]
[Site "Amsterdam NED"]
[Date "2013.07.12"]
[Round "7.14"]
[White "Timmermans,I"]
[Black "Sanijs,F"]
[Result "1-0"]
[WhiteElo "2218"]
[BlackElo "2042"]

1.e4 e5 2.Nf3 Nc6 3.Bb5 a6 4.Ba4 Nf6 5.O-O Be7 6.Re1 b5 7.Bb3 d6 8.c3 O-O
9.h3 Nb8 10.d4 Nbd7 11.Nbd2 Bb7 12.Bc2 Re8 13.Nf1 Bf8 14.Ng3 g6 15.a4 c6
16.b3 Qc7 17.Bd3 Bg7 18.Bb2 Rac8 19.Qc2 Qb6 20.Kh1 Nf8 21.dxe5 dxe5 22.c4 N6d7
23.Bc3 Ne6 24.Nh2 Red8 25.axb5 cxb5 26.Ba5 Nd4 27.Qd1 Qe6 28.Bxd8 Rxd8 29.cxb5 axb5
30.b4 Bf8 31.Rb1 Nb8 32.Bxb5 Qb6 33.Bc4 Nbc6 34.Ng4 Ne6 35.Qc1 Nf4 36.Qe3 Rd4
37.b5 Na5 38.Bxf7+  1-0

[Event "43rd Nat Jun ch-IND U19"]
[Site "Lucknow IND"]
[Date "2013.07.14"]
[Round "7.1"]
[White "Lokesh,P"]
[Black "Das,Say"]
[Result "0-1"]
[WhiteElo "2239"]
[BlackElo "2368"]

1.e4 e5 2.Nf3 Nc6 3.Bb5 a6 4.Ba4 Nf6 5.O-O Be7 6.Re1 b5 7.Bb3 O-O 8.h3 d6
9.c3 Nb8 10.d4 Nbd7 11.Nbd2 Bb7 12.Bc2 Re8 13.Nf1 Bf8 14.Ng3 g6 15.a4 Bg7
16.b3 c6 17.Bg5 Qe7 18.Qd2 Qf8 19.Be3 h6 20.Ra2 exd4 21.cxd4 c5 22.d5 b4
23.Qe2 Ne5 24.Nxe5 Rxe5 25.Bd3 Nd7 26.Bf4 Ree8 27.Qd1 Ne5 28.Bxe5 Bxe5 29.Qg4 Bxg3
30.Qxg3 Bxd5 31.Bc4 Bxc4 32.bxc4 Re6 33.Rd2 a5 34.f3 Rb8 35.Rd3 Rb6 36.f4 Qe8
37.e5 dxe5 38.f5 Re7 39.Qe3 gxf5 40.Qxc5 Rg6 41.Red1 Qc6 42.Rd8+ Kg7 43.Qd5 f4
44.Rf1 b3 45.Rb8 Qxd5 46.cxd5 Rd7 47.Rb5 Rgd6 48.Rb1 Rxd5 49.R1xb3 Kf6 50.Rb6+ Kg5
51.R3b5 e4 52.Rxd5+ Rxd5 53.Rb5 Rf5 54.Kf2 f6 55.Ke2 Re5 56.Rb8 h5 57.Rb6 Kf5
58.Kf2 Rc5  0-1

[Event "Czech Open G1 Rapid 2013"]
[Site "Pardubice CZE"]
[Date "2013.07.17"]
[Round "2.36"]
[White "Vachtfeidl,P"]
[Black "Sundararajan,K"]
[Result "0-1"]
[WhiteElo "1950"]
[BlackElo "2435"]

1.e4 e5 2.Nf3 Nc6 3.Bb5 a6 4.Ba4 Nf6 5.O-O Be7 6.Re1 b5 7.Bb3 d6 8.c3 O-O
9.h3 Nb8 10.d4 Nbd7 11.Nbd2 Bb7 12.Bc2 Re8 13.Nf1 Bf8 14.Ng3 g6 15.a4 Bg7
16.Bd3 c6 17.Bg5 Qe7 18.Qd2 Qf8 19.Nh2 Rac8 20.Ng4 Nxg4 21.hxg4 exd4 22.cxd4 Bxd4
23.Bf1 Be5 24.Rad1 bxa4 25.f4 Bg7 26.Qxd6 Qxd6 27.Rxd6 Nc5 28.e5 Ne6 29.Ne4 h6
30.Nf6+ Bxf6 31.Bxf6 Nxf4 32.Bc4 Nd5 33.Rd7 Rc7 34.Rxc7 Nxc7 35.Rd1 Nd5 36.Bxd5 cxd5
37.Rc1 Rc8 38.Rxc8+ Bxc8 39.g5 hxg5 40.Bxg5 d4 41.Kf2 Kf8 42.Bd8 Bg4 43.Bb6 d3
44.Ke3 Be2 45.Bc5+ Ke8 46.g3 Kd7 47.Ba3 Ke6 48.Bd6  0-1

[Event "Horsens Lang Weekend 2013"]
[Site "Horsens DEN"]
[Date "2013.07.18"]
[Round "2.2"]
[White "Thogersen,Rasmus"]
[Black "Antonsen,M"]
[Result "0-1"]
[WhiteElo "2043"]
[BlackElo "2456"]

1.e4 e5 2.Nf3 Nc6 3.Bb5 a6 4.Ba4 Nf6 5.O-O Be7 6.Re1 b5 7.Bb3 d6 8.c3 O-O
9.h3 Nb8 10.d4 Nbd7 11.Nbd2 Bb7 12.Bc2 Re8 13.Nf1 Bf8 14.Ng3 g6 15.a4 c5
16.d5 c4 17.Nh2 Bg7 18.Ng4 Nxg4 19.hxg4 Qh4 20.Nf1 Nc5 21.Re3 Qe7 22.Rh3 f6
23.Be3 Reb8 24.Rg3 Bc8 25.g5 Bd7 26.gxf6 Bxf6 27.Bxc5 dxc5 28.Ne3 Kh8 29.d6 Qe6
30.Nd5 Bd8 31.Rf3 Qxd6 32.Nf6 Qxd1+ 33.Rxd1 Be6 34.Nd7 Rc8 35.Rd6 Bg8 36.Nxe5 Bc7
37.Nxg6+ hxg6 38.Rxg6 Bh7 39.Rh3 Be5 40.Re6 Re8 41.Reh6 Re7 42.Bd1 Kg8 43.R3h4 Rd8
44.Be2 Rd2 45.Bf1 Rd6 46.f3 Bg6 47.Rg4 Kg7 48.Rh5 b4 49.Bxc4 bxc3 50.bxc3 Bxc3
51.Bd5 Re5 52.Rxe5 Bxe5 53.f4 Bd4+ 54.Kf1 Kf8 55.Rh4 Rb6 56.f5 Bf7 57.Bxf7 Kxf7
58.Rh7+ Ke8 59.Ra7 c4 60.Rc7 Rb1+ 61.Ke2 Rb2+ 62.Kd1 c3 63.g4 Rd2+ 64.Kc1 Rg2
65.Rc4 Be5 66.Rc5 Bf4+ 67.Kd1 Rd2+ 68.Ke1 Bg3+ 69.Kf1 c2  0-1

[Event "Caissa GM July 2013"]
[Site "Kecskemet HUN"]
[Date "2013.07.20"]
[Round "1.3"]
[White "Sax,G"]
[Black "Mihok,O"]
[Result "1/2-1/2"]
[WhiteElo "2478"]
[BlackElo "2458"]

1.e4 e5 2.Nf3 Nc6 3.Bb5 a6 4.Ba4 Nf6 5.O-O Be7 6.Re1 b5 7.Bb3 d6 8.c3 O-O
9.h3 Nb8 10.d4 Nbd7 11.Nbd2 Bb7 12.Bc2 Re8 13.Nf1 Bf8 14.Ng3 g6 15.a4 c5
16.a5 c4 17.Bg5 h6 18.Be3  1/2-1/2

[Event "28th Avoine Open"]
[Site "Avoine FRA"]
[Date "2013.07.21"]
[Round "2.36"]
[White "Vedmediuc,S"]
[Black "Piffaut,P"]
[Result "1-0"]
[WhiteElo "2460"]
[BlackElo "2018"]

1.e4 e5 2.Nf3 Nc6 3.Bb5 a6 4.Ba4 Nf6 5.O-O Be7 6.Re1 b5 7.Bb3 O-O 8.h3 d6
9.c3 Nb8 10.d4 Nbd7 11.Nbd2 Bb7 12.Bc2 c5 13.d5 Ne8 14.Nf1 f5 15.exf5 Nef6
16.Ng5 Bxd5 17.Ne3 Bf7 18.Ne6 Bxe6 19.fxe6 Nb6 20.Nf5 Ra7 21.Bg5 Nbd5 22.a4 bxa4
23.Rxa4 Qc8 24.Bxf6 Nxf6 25.Nxe7+ Rxe7 26.Qxd6 Rb7 27.Bf5 Rd8 28.Qxa6 Qb8
29.Qc4 Kh8 30.Qxc5 Rxb2 31.Qxe5 Qb6 32.Rd4 Rd5 33.Qxf6 gxf6 34.e7 Kg8 35.e8=Q+  1-0

[Event "6th Paleochora Open"]
[Site "Paleochora GRE"]
[Date "2013.07.22"]
[Round "5.12"]
[White "Kazakos,E"]
[Black "Maiorov,N1"]
[Result "1/2-1/2"]
[WhiteElo "2131"]
[BlackElo "2538"]

1.e4 e5 2.Nf3 Nc6 3.Bb5 a6 4.Ba4 Nf6 5.O-O Be7 6.Re1 b5 7.Bb3 d6 8.c3 O-O
9.h3 Nb8 10.d4 Nbd7 11.Nbd2 Bb7 12.Bc2 Re8 13.a4 Bf8 14.Bd3 c6 15.b4 g6 16.axb5 cxb5
17.Qb3 exd4 18.cxd4 Bg7 19.Qb1 Nb6 20.Nb3 Na4 21.Bd2 Rc8 22.Na5 Ba8 23.Ra3 Rc7
24.d5 Nd7 25.Bf1 Ndb6 26.Qd3 Qc8 27.Bf4 Qd7 28.Be3 Nc4 29.Nxc4 Rxc4 30.Bd2 Rc7
31.Ra2 f5 32.Ng5 Re5 33.f3 fxe4 34.fxe4 Rc8 35.Ne6 Rxe6 36.dxe6 Qxe6 37.Rc2 Re8
38.Bf4 d5 39.e5 Nb6 40.Qd4 Nc4 41.Rce2 Bf8 42.Rb1  1/2-1/2

[Event "12th World U16 Ol"]
[Site "Chongqing CHN"]
[Date "2013.07.25"]
[Round "5"]
[White "Ali Marandi,C"]
[Black "Ghosh,D"]
[Result "1/2-1/2"]
[WhiteElo "2394"]
[BlackElo "2473"]

1.e4 e5 2.Nf3 Nc6 3.Bb5 a6 4.Ba4 Nf6 5.O-O Be7 6.Re1 b5 7.Bb3 d6 8.c3 O-O
9.h3 Nb8 10.d4 Nbd7 11.Nbd2 Bb7 12.Bc2 Re8 13.a4 Bf8 14.Bd3 c6 15.Qc2 Rc8
16.axb5 axb5 17.b4 exd4 18.cxd4 c5 19.Bxb5 cxd4 20.Qd3 Ne5 21.Nxe5 Rxe5 22.Bb2 Nh5
23.g3 Rg5 24.Kh2 Qb6 25.Bc4 Qxb4 26.Bxd4 d5 27.Reb1 Qe7 28.Rxb7 dxc4 29.Rxe7 cxd3
30.Rb7 Rg6 31.Raa7 Rd6 32.Be3 Re6 33.Rxf7 Nf6 34.Kg2 Rce8 35.Rfb7 Nxe4 36.Nxe4 Rxe4
37.Rd7 R4e7 38.Rxd3 Rxa7 39.Bxa7 Ra8 40.Rd7 Re8 41.Be3 Be7 42.Bd4 Rd8 43.Rxe7 Rxd4
44.h4 h6 45.f3 Kf8 46.Ra7 h5 47.Kf2 Rd3 48.Ke2 Rb3 49.Rd7 Kg8 50.Rd3 Rb4
51.Ke3 Kh7 52.Rd4 Rb8 53.Rd5 Kh6 54.Rd6+ g6 55.Rd7 Rb4 56.Rd4 Rb7 57.Rd5 Rb4
58.Rd7 Rc4 59.Ra7 Rb4 60.Rc7 Ra4 61.Rb7 Rc4 62.Ra7 Rb4 63.Kd3 Rb8 64.Rd7 Rb4
65.Rc7 Ra4 66.Rb7 Ra8 67.Ke4 Re8+ 68.Kd5 Re1 69.g4 hxg4 70.fxg4 Rh1 71.Ke5 Re1+
72.Kf4 Rf1+ 73.Kg3 Rg1+ 74.Kf3 Rf1+ 75.Kg2 Ra1 76.Rb3 Kg7 77.Kg3 Ra4 78.Rb7+ Kf6
79.g5+ Ke6 80.Rb6+ Kf7 81.Rb7+  1/2-1/2

[Event "XXII TCh-MKD 2013"]
[Site "Struga MKD"]
[Date "2013.07.30"]
[Round "2.2"]
[White "Marholev,D"]
[Black "Veleski,R"]
[Result "1/2-1/2"]
[WhiteElo "2308"]
[BlackElo "2262"]

1.e4 e5 2.Nf3 Nc6 3.Bb5 a6 4.Ba4 Nf6 5.O-O Be7 6.Re1 b5 7.Bb3 d6 8.c3 O-O
9.h3 Nb8 10.d4 Nbd7 11.Nbd2 Bb7 12.a4 c5 13.d5 c4 14.Bc2 Nc5 15.Nf1 Re8 16.Ng3 Bf8
17.Nf5 Bc8 18.g4 Bxf5 19.exf5 h6 20.Be3  1/2-1/2

[Event "10th Plancoet Open A"]
[Site "Plancoet FRA"]
[Date "2013.07.31"]
[Round "5.5"]
[White "Konguvel,P"]
[Black "Miron,L"]
[Result "1-0"]
[WhiteElo "2319"]
[BlackElo "2544"]

1.e4 e5 2.Nf3 Nc6 3.Bb5 a6 4.Ba4 Nf6 5.O-O Be7 6.Re1 b5 7.Bb3 d6 8.c3 O-O
9.h3 Nb8 10.d4 Nbd7 11.Nbd2 Bb7 12.Bc2 Re8 13.Nf1 Bf8 14.Ng3 g6 15.a4 Bg7
16.Bg5 h6 17.Bd2 c5 18.d5 Nb6 19.Qe2 Qd7 20.Be3 Nxa4 21.Bxa4 bxa4 22.Qc2 Nxd5
23.exd5 Bxd5 24.Qxa4 Qxa4 25.Rxa4 f5 26.Bd2 Kh7 27.Rea1 Bb7 28.Be1 Rab8 29.Nd2 Red8
30.Ra5 Bc8 31.R1a2 Bf6 32.Ngf1 f4 33.Ne4 Be7 34.c4 Bb7 35.Nfd2 g5 36.Nc3 Rd7
37.Nd5 Rf8 38.f3 h5 39.Ne4 Bd8 40.R5a3 Kg6 41.Rb3 Rh8 42.Bc3 g4 43.Rxb7 Rxb7
44.Rxa6 gxf3 45.Nxd6 Rd7 46.Bxe5 Rg8 47.Bxf4 fxg2 48.Ne4+ Kf7 49.Nxc5 Bh4
50.Be3 Rdd8 51.Ra7+ Kg6 52.Kxg2 Rdf8 53.Nd3 Kf5+ 54.Kf3 Rg3+ 55.Ke2 Rg2+
56.Kf1 Rc2 57.Bh6 Re8 58.Ne3+ Rxe3 59.Bxe3 Ke4 60.Bf2 Bf6 61.Nc5+ Kf3 62.Ra3+  1-0